000 01761nam a2200445 i 4500
001 ELB115043
003 FINmELB
005 20250326043055.0
006 m o u
007 cr cn|||||||||
008 200229s2016 ec ob 000 0 spa d
020 _a9789942063359
_q(e-book)
035 _a(OCoLC) 1142873756
040 _aFINmELB
_bspa
_erda
_cFINmELB
050 4 _aKHK2569
_bV647 2016
080 _a347.9(866)
082 0 _a347.86605
_223
100 1 _aVicuña Domínguez, Lorena.
245 1 0 _aManual del Código Orgánico General de Procesos (COGEP) :
_bcomentario, paralelos, concordancias, remisiones, flojos de procedimientos, normativa conexa (2a. ed.) /
_cLorena Vicuña Domínguez, Juan Chávez Pareja.
250 _a2a. edición actualizada.
264 1 _aQuito :
_bCorporación de Estudios y Publicaciones,
_c2016.
300 _a1 recurso en línea (572 páginas)
336 _atexto
_btxt
_2rdacontent/spa
337 _acomputadora
_bc
_2rdamedia/spa
338 _arecurso en línea
_bcr
_2rdacarrier/spa
504 _aContiene bibliografía.
588 _aDescripción basada en metadatos suministrados por el editor y otras fuentes.
590 _aRecurso electrónico. Santa Fe, Arg.: elibro, 2020. Disponible vía World Wide Web. El acceso puede estar limitado para las bibliotecas afiliadas a elibro.
650 0 _aProcedure (Law)
_zEcuador.
650 4 _aProcedimiento legal.
651 4 _aEcuador.
655 4 _aLibros electrónicos.
700 1 _aChávez Pareja, Juan,
_eautor.
797 2 _aelibro, Corp.
856 4 0 _uhttps://elibro.net/ereader/usam/115043
999 _c140060
_d140060